ระบบห้องสมุดอัตโนมัติ ULibM
วิทยาลัยพยาบาลบรมราชชนนี พระพุทธบาท
เปลี่ยนเป็นภาษาไทย

Change to English
 แสดงรายละเอียดบรรณานุกรม
  กลับหน้าหลัก

Brief Record : Get Marc (ISO 2709) : E-mail record : QR code ปิดหน้าต่าง
E-books : เกี่ยวกับ Collections
LEADER 00000nam 2200000uu 4500
001    13399123303
003     ULIBM
008    201212s2001 th a 000 0 eng d
020    0072368713
100    A. Robert Marshall
245    Precalculus: Function and Graphs
250    5th ed
260    Reading :^bAddison-Wesley,^c2001
300    800 pages
945    ^p0^l0^i014441
945    ^p0^l0^i014442
999    ^aน.ส.เรวดี วงษ์สุวรรณ์
รายการนี้ยังไม่มีแท็ก
คุณยังไม่ได้ล็อกอิน คุณสามารถมีกิจกรรมร่วมกับเว็บไซต์ได้ แต่ต้องล็อกอินก่อน ::
  ล็อกอิน
ลำดับที่ ประเภท เลขเรียก สถานที่ สถานะ
1.
QA331.3 M367p 2001  
  
วิทยาลัยพยาบาลบรมราชชนนี พระพุทธบาท
►หนังสือทั่วไป
On Shelf
2.
QA331.3 M367p 2001 C.2 
  
วิทยาลัยพยาบาลบรมราชชนนี พระพุทธบาท
►หนังสือทั่วไป
On Shelf
   [แสดง 2/2 รายการ]

Bib 13399123303